000 00898nam a2200241 a 4500
001 000039146
005 20250430073846.0
008 130527s2012 dr 001 0 spa d
020 _a9789945165289
040 _aDO-SdBNP
_bspa
_cBNPHU
082 _a158.1
_bP762r, 2012
245 0 0 _aPolaris :
_breflexiones sobre temas humanos /
_cprólogo Freddy Ginebra Giudicelli.
260 _aSanto Domingo :
_bEdiciones Polaris,
_c2012.
300 _a286 p. ;
_c24 cm.
500 _aSelección de reflexiones de las publicadas en las ediciones anuales de 2008, 2010, 2011.
590 _aInventariado, 2018/MFF
650 4 _aTécnicas de autoayuda
_9387
650 4 _aReflexiones (filosofía)
_95464
650 0 _aAutorrealización (Psicología)
_9211
650 4 _aAutopercepción (filosofía)
_97168
700 1 _aGinebra Giudicelli, Freddy,
_epról.
_97342
910 _aValidado. Control de calidad EMS
999 _c38636
_d38636